| 000 | 00807nam a22002297a 4500 | ||
|---|---|---|---|
| 003 | OSt | ||
| 005 | 20240103165221.0 | ||
| 008 | 240103b |||||||| |||| 00| 0 eng d | ||
| 020 | _a9789966482167 (Maroon vinyl) | ||
| 040 |
_aDLC _cDLC _dDLC |
||
| 050 |
_aBS325 _b.E48 2012 |
||
| 130 |
_aBible. Embu. 2012. _955805 |
||
| 245 |
_aÎvuku rîa ûvoro mwaro : _bkîkîkanîro kîrîa gîkûrû na kîrîa gîcerû. |
||
| 260 |
_aNairobi : _bBible Society of Kenya, _cc2012. |
||
| 300 |
_ax, 1102, 387 pages _billustrations, maps, 22 cm |
||
| 500 | _aTitle on title page verso: Holy Bible in Kîembu Kimbeere language [Africana] | ||
| 501 | _aIn Kimbeere. | ||
| 630 |
_aBible. _lEmbu. _955806 |
||
| 650 |
_aEmbu language _vTexts. _955807 |
||
| 710 |
_aBible Society of Kenya _955779 |
||
| 942 |
_2lcc _cAFR(R) |
||
| 999 |
_c67810 _d67784 |
||